Normale Ansicht MARC-Ansicht ISBD

Geschichte der Russlanddeutschen : (Titelsatznr. 37175)

[ MARC ]
MARC-Details
000 -Satzkennung
Kontrollfeld mit fester Länge 00660nam a22002171c 4500
001 - Kontrollnummer
Kontrollfeld 9783406670176-nbs
008 - Feld mit fester Länge zur physischen Beschreibung - Allgemeine Angaben
Kontrollfeld mit fester Länge 141205s2014 gw a||| 000u ger d
020 ## - Internationale Standardbuchnummer
Internationale Standardbuchnummer 9783406670176
Verknüpfung 978-3-406-67017-6
041 ## - Sprachcode
Sprachcode des Textes/der Tonspur oder des separaten Titels ger
040 ## - Katalogisierungsquelle
Übertragungsstelle RU-10907106
003 - Kontrollnummer Identifier
Kontrollfeld RU-10907106
100 1# - Haupteintragung - Personenname
Personenname Dalos, György
245 00 - Titel
Titel Geschichte der Russlanddeutschen :
Zusatz zum Titel Von Katharina der Großen bis zur Gegenwart /
Verfasserangabe etc. György Dalos. Deutsche Bearbeitung von Elsbeth Zylla
250 ## - Ausgabebezeichnung
Ausgabebezeichnung 1 Aufl.
264 ## - Produktion, Veröffentlichung, Distribution, Herstellung und Urheberrechtsvermerk
Herstellungs-, Veröffentlichungs- Vertriebs-, Erzeugungsort München :
Produzent, Herausgeber, Distributor, Hersteller Beck,
Datum der Herstellung, der Veröffentlichung, des Vertriebs oder des Urheberschutzvermerks 2014
300 ## - Physische Beschreibung
Umfang 330 S. ; Ill.
648 #0 - Nebeneintragung unter einem Schlagwort - Zeitschlagwort
Zeitschlagwort 1763-2007
650 #0 - Nebeneintragung unter einem Schlagwort - Sachschlagwort
Sachschlagwort oder geografischer Name als Eintragungselement Russlanddeutsche
700 1# - Nebeneintragung - Personenname
Personenname Zylla, Elsbeth
Funktionsbezeichnung BearbeiterIn
942 ## - Zusätzliche Felder (Koha)
Koha-Medientyp Monographien
Exemplare
Ausgeschieden Verloren Klassifikation oder Aufstellungssystematik Beschädigt Nicht entleihbar Heimatbibliothek Aufenthaltsbibliothek Aufstellungsort Erwerbungsdatum Inventarnummer Signatur Barcode Letzte Aktivität Preis gültig von Koha-Medientyp
    Andere/Generische Klassifikation     MWN Osteuropa MWN Osteuropa Magazin - 2 05/12/2014 15-00232 R 10 o Deut 8 E004015073C9C07E 23/02/2021 22/03/2021 Monographien